Anagrammeja eläimistä - Statistics

Yleistilastot
  • Tätä visaa on pelattu 163 kertaa
    141 viimeisimmän päivityksen jälkeen
  • Keskiarvotulos 7 / 14
Vastaustilastot
Anagrammi Eläin % Oikein
SAMMAL lammas
96%
NOHVENE hevonen
84%
HEVAN ahven
80%
OLKAA koala
78%
TENUJOS joutsen
66%
RIUSKA kauris
60%
RIKITIE tiikeri
55%
KURJAHÄÄ jääkarhu
49%
NELIAJO leijona
49%
SIIPIKIKKA piikkisika
42%
KEROTODENNUS sudenkorento
33%
ONNIPALKKI kilpikonna
25%
PELKÄTREPUT leppäkerttu
22%
TOIVOLAARI liito-orava
5%
Ehtoja vastaavia visoja ei löytynyt
Tulosjakauma
Jokaisen tuloksen saaneiden osuus
Persentiili vastausten määrän mukaan
Tuloshistoriasi
Et ole pelannut tätä visaa sen viimeisimmän päivityksen jälkeen